000 00422nam a2200169Ia 4500
008 230711s9999||||xx |||||||||||||| ||und||
020 _a978-81-8488-529-3
041 _aENG
082 _a658
_bVI-B
100 _aViswanathan,Rajeesh
245 0 _aBusiness communication
250 _a1st Ed.
260 _c2010
_aMumbai
_bHimalaya Publishing House
300 _a388
650 _aUNIVESITY BUSNIESS SCHOOL
942 _cBK
999 _c5592
_d5592